Normal view
MARC view
- Shafi'i, Muhammad Ibn Idris,
Entry Personal Name
001 - CONTROL NUMBER
- control field: 1736
003 - CONTROL NUMBER IDENTIFIER
- control field: OSt
005 - DATE AND TIME OF LATEST TRANSACTION
- control field: 20170505115331.0
008 - FIXED-LENGTH DATA ELEMENTS
- fixed length control field: 170505|| aca||aabn | a|a d
040 ## - CATALOGING SOURCE
- Original cataloging agency: OSt
- Transcribing agency: OSt
100 ## - HEADING--PERSONAL NAME
- Personal name: Shafi'i, Muhammad Ibn Idris,
- Dates associated with a name: 767 or 768-820
670 ## - SOURCE DATA FOUND
- Source citation: Work cat.: (OSt)0: Shafi'i, Muhammad Ibn Idris, 767 or 768-820, Hukum Al-Quran :, 1991

PORTAL AKMAL
E-MEL JKDM
AKMAL2U
G-BAM
u-PUSTAKA